[Event "Mazowiec-chT 1516"]
[Site "Poland"]
[Date "2016.01.24"]
[Round "4.15"]
[White "Mrozowski, Jan"]
[Black "Starczewska, Malgorzata"]
[Result "0-1"]
[WhiteElo "1506"]
[BlackElo "1792"]
[PlyCount "48"]
[EventDate "2015.12.13"]
[EventType "team-tourn"]
[EventRounds "7"]
[EventCountry "POL"]
[SourceTitle "EXT 2019"]
[Source "ChessBase"]
[SourceDate "2018.10.10"]
[SourceVersion "1"]
[SourceVersionDate "2018.10.10"]
[SourceQuality "1"]
[WhiteTeam "Warszawa Polonia"]
[BlackTeam "Warszawa Hetman"]
[WhiteTeamCountry "POL"]
[BlackTeamCountry "POL"]

1. d4 f5 2. c4 Nf6 3. Nc3 g6 4. g3 Bg7 5. Bg2 d6 6. Nf3 Nc6 7. 0-0 0-0 8. Be3 e6 9. a3 Qe7 10. Qc2 Nd8 11. b4 c6 12. Rab1 Bd7 13. Rfd1 Nf7 14. d5 cxd5 15. cxd5 e5 16. Qb3 h6 17. a4 g5 18. a5 Ng4 19. Bc1 Rac8 20. b5 e4 21. Nd4 e3 22. Rd3 exf2+ 23. Kh1 f1Q+ 24. Bxf1 Nf2+ 0-1

[Event "Mazowiec-chT 1415"]
[Site "Warsaw"]
[Date "2015.02.15"]
[Round "5.12"]
[White "Starczewska, Malgorzata"]
[Black "Sentowski, Sebastian"]
[Result "1/2-1/2"]
[WhiteElo "1820"]
[BlackElo "1615"]
[PlyCount "55"]
[EventDate "2015.01.11"]
[EventType "team-tourn"]
[EventRounds "7"]
[EventCountry "POL"]
[SourceTitle "EXT 2019"]
[Source "ChessBase"]
[SourceDate "2018.10.10"]
[SourceVersion "1"]
[SourceVersionDate "2018.10.10"]
[SourceQuality "1"]

1. e4 c6 2. d4 d5 3. Nc3 dxe4 4. Nxe4 Nf6 5. Nxf6+ exf6 6. Bd3 Bd6 7. Be3 0-0 8. Qh5 g6 9. Qe2 Re8 10. 0-0-0 Bf4 11. Qd2 Bxe3 12. fxe3 Be6 13. Kb1 Bd5 14. Nh3 Nd7 15. Nf4 Be4 16. h4 f5 17. h5 g5 18. Nh3 h6 19. Bxe4 fxe4 20. Qb4 Qb6 21. Qd6 Re6 22. Qg3 Kh7 23. Nf2 Rf8 24. d5 cxd5 25. Rxd5 Nc5 26. Rd4 Qb5 27. Nd1 Rb6 28. Qe5 1/2-1/2

[Event "POL-chT 2nd League"]
[Site "Szczyrk"]
[Date "2014.09.11"]
[Round "6.18"]
[White "Zmarzly, Aleksandra"]
[Black "Starczewska, Malgorzata"]
[Result "1-0"]
[WhiteElo "1990"]
[BlackElo "1781"]
[PlyCount "67"]
[EventDate "2014.09.06"]
[EventType "team-swiss"]
[EventRounds "9"]
[EventCountry "POL"]
[SourceTitle "EXT 2015"]
[Source "ChessBase"]
[SourceDate "2014.11.20"]
[SourceVersion "1"]
[SourceVersionDate "2014.11.20"]
[SourceQuality "1"]
[WhiteTeam "Wisznia Mala OKSiR"]
[BlackTeam "Zielonka Zieloni"]
[WhiteTeamCountry "POL"]
[BlackTeamCountry "POL"]

1. e4 g6 2. d4 Bg7 3. Nc3 d6 4. f4 c6 5. Nf3 Nf6 6. Bd3 e6 7. e5 Nd5 8. Ne4 dxe5 9. fxe5 0-0 10. 0-0 b6 11. c4 f5 12. Nd6 Ne7 13. Bg5 Nd7 14. Qe1 h6 15. Qh4 Nxe5 16. dxe5 Bxe5 17. Bxe7 g5 18. Bxd8 gxh4 19. Nxe5 Rxd8 20. Nxc8 Raxc8 21. Rad1 Rc7 22. Bxf5 Rxd1 23. Bxe6+ Kg7 24. Rxd1 Kf6 25. Rd7 Rxd7 26. Bxd7 Kxe5 27. Bxc6 Kd4 28. Bb5 a5 29. Kf2 Ke4 30. Ke2 Kd4 31. Kf3 h5 32. Kf4 Kc5 33. Kg5 Kd4 34. Kxh4 1-0

[Event "Warsaw YMCA Spring-C 140th"]
[Site "Warsaw"]
[Date "2014.05.21"]
[Round "7"]
[White "Starczewska, Malgorzata"]
[Black "Dominiczak, Adrian"]
[Result "1-0"]
[WhiteElo "1809"]
[BlackElo "1735"]
[PlyCount "73"]
[EventDate "2014.04.08"]
[EventType "tourn"]
[EventRounds "11"]
[EventCountry "POL"]
[SourceTitle "EXT 2015"]
[Source "ChessBase"]
[SourceDate "2014.11.20"]
[SourceVersion "1"]
[SourceVersionDate "2014.11.20"]
[SourceQuality "1"]

1. e4 c5 2. f4 d5 3. exd5 Qxd5 4. Nc3 Qd8 5. Nf3 Nc6 6. Bb5 Bd7 7. 0-0 Nf6 8. a4 g6 9. Ne5 Qc7 10. Nxd7 Qxd7 11. Qf3 Bg7 12. d3 0-0 13. Be3 Qd6 14. Bxc6 bxc6 15. Rad1 Nd5 16. Ne4 Qc7 17. Bxc5 Bxb2 18. c4 Nb6 19. Ng5 h6 20. Ne4 Nxa4 21. Be3 Nc3 22. Nxc3 Bxc3 23. f5 Kh7 24. d4 Qd6 25. d5 c5 26. Bxh6 Bg7 27. Bf4 Be5 28. Bxe5 Qxe5 29. Rfe1 Qc7 30. Re4 Kg7 31. Rde1 Rh8 32. h3 Rae8 33. fxg6 fxg6 34. Qc3+ Kg8 35. Re6 Rh6 36. Qe3 Kg7 37. d6 1-0

[Event "Warsaw YMCA Spring-C 140th"]
[Site "Warsaw"]
[Date "2014.05.07"]
[Round "5"]
[White "Starczewska, Malgorzata"]
[Black "Tegi, Robert"]
[Result "0-1"]
[WhiteElo "1809"]
[BlackElo "1730"]
[PlyCount "94"]
[EventDate "2014.04.08"]
[EventType "tourn"]
[EventRounds "11"]
[EventCountry "POL"]
[SourceTitle "EXT 2015"]
[Source "ChessBase"]
[SourceDate "2014.11.20"]
[SourceVersion "1"]
[SourceVersionDate "2014.11.20"]
[SourceQuality "1"]

1. e4 c6 2. d4 d5 3. e5 Bf5 4. Nf3 e6 5. Be2 c5 6. 0-0 Nc6 7. c3 Qc7 8. Be3 Nge7 9. Nbd2 Bg6 10. Re1 Nf5 11. Bf4 Be7 12. Nf1 h5 13. Ne3 Rc8 14. Nxf5 Bxf5 15. c4 Be4 16. Ng5 Bxg5 17. Bxg5 Nxd4 18. cxd5 Nxe2+ 19. Qxe2 Bxd5 20. Rad1 Qc6 21. f4 Rc7 22. f5 Rd7 23. Rd2 Bxa2 24. Red1 Bd5 25. fxe6 Bxe6 26. Rxd7 Bxd7 27. Rd6 Qa4 28. Qd3 Qa1+ 29. Kf2 Qxb2+ 30. Bd2 c4 31. Qxc4 Qxe5 32. Bf4 Qb2+ 33. Rd2 Qb6+ 34. Be3 Qf6+ 35. Kg1 Qa1+ 36. Kf2 Qf6+ 37. Kg1 Bc6 38. Bc5 Qa1+ 39. Kf2 Qf6+ 40. Kg1 Qg6 41. Re2+ Kd8 42. Qd4+ Kc8 43. Qe5 Re8 44. Qb2 Rxe2 45. Qxe2 Qb1+ 46. Kf2 Qf5+ 47. Kg1 Qxc5+ 0-1

[Event "Warsaw YMCA Spring-C 140th"]
[Site "Warsaw"]
[Date "2014.04.09"]
[Round "1"]
[White "Wrabel, Antoni"]
[Black "Starczewska, Malgorzata"]
[Result "1-0"]
[WhiteElo "1695"]
[BlackElo "1809"]
[PlyCount "101"]
[EventDate "2014.04.08"]
[EventType "tourn"]
[EventRounds "11"]
[EventCountry "POL"]
[SourceTitle "EXT 2015"]
[Source "ChessBase"]
[SourceDate "2014.11.20"]
[SourceVersion "1"]
[SourceVersionDate "2014.11.20"]
[SourceQuality "1"]

1. e4 d5 2. exd5 Qxd5 3. Nc3 Qa5 4. d4 Nf6 5. Bc4 e6 6. Qe2 c6 7. Nf3 Bd6 8. 0-0 0-0 9. Bg5 Nd5 10. Ne4 Qc7 11. Nxd6 Qxd6 12. Rfd1 Nd7 13. Bb3 b6 14. c4 Ba6 15. Qd2 N5f6 16. Qe3 Rfe8 17. Ne5 Rac8 18. Bc2 h6 19. Bf4 Qe7 20. Qd3 Nf8 21. Qf3 Bb7 22. Ba4 b5 23. Bb3 c5 24. Qh3 bxc4 25. Nxc4 Ng6 26. Bd6 Qd8 27. dxc5 Ne4 28. Qe3 Qf6 29. f3 Ng5 30. Bg3 Ne7 31. Nd6 Nf5 32. Nxe8 Rxe8 33. Qe5 Qxe5 34. Bxe5 Bxf3 35. Rd7 Bc6 36. Rc7 Be4 37. Re1 Rd8 38. Rd1 Rxd1+ 39. Bxd1 Ne3 40. Bf3 Bxf3 41. h4 Nxg2 42. hxg5 hxg5 43. Rc8+ Kh7 44. c6 Nh4 45. c7 Bb7 46. Rb8 Ba6 47. Kf2 Ng6 48. Bd4 Ne7 49. Bxa7 Kg6 50. Bc5 Nc8 51. b4 1-0

[Event "Warsaw-ch opB 66th"]
[Site "Warsaw"]
[Date "2013.05.18"]
[Round "8"]
[White "Jaskowski, Piotr"]
[Black "Starczewska, Malgorzata"]
[Result "1-0"]
[WhiteElo "1826"]
[BlackElo "1829"]
[PlyCount "67"]
[EventDate "2013.05.11"]
[EventType "swiss"]
[EventRounds "9"]
[EventCountry "POL"]
[SourceTitle "CBM 154 Extra"]
[Source "ChessBase"]
[SourceDate "2013.06.25"]
[SourceVersion "2"]
[SourceVersionDate "2013.06.25"]
[SourceQuality "1"]

1. e4 g6 2. Nf3 Bg7 3. d4 d6 4. c4 c5 5. d5 Nf6 6. Nc3 0-0 7. Bd3 e5 8. Bg5 h6 9. Bd2 Kh7 10. h3 Na6 11. g4 Ng8 12. Ne2 Nb4 13. Bb1 b5 14. a3 Na6 15. cxb5 Nc7 16. a4 f5 17. gxf5 gxf5 18. Ng3 Nf6 19. Qb3 Qe7 20. Nh4 f4 21. Ngf5 Bxf5 22. Nxf5 Qd7 23. Rg1 Rf7 24. Bc2 Kh8 25. 0-0-0 Nce8 26. Rg6 a6 27. b6 c4 28. Qf3 Kh7 29. Rdg1 Bf8 30. Bxf4 c3 31. Bxh6 cxb2+ 32. Kb1 Nxe4 33. Qxe4 Nf6 34. Qh4 1-0

[Event "Warsaw-ch opB 66th"]
[Site "Warsaw"]
[Date "2013.05.11"]
[Round "1"]
[White "Szymankiewicz, Jan"]
[Black "Starczewska, Malgorzata"]
[Result "0-1"]
[WhiteElo "1481"]
[BlackElo "1829"]
[PlyCount "139"]
[EventDate "2013.05.11"]
[EventType "swiss"]
[EventRounds "9"]
[EventCountry "POL"]
[SourceTitle "CBM 154 Extra"]
[Source "ChessBase"]
[SourceDate "2013.06.25"]
[SourceVersion "2"]
[SourceVersionDate "2013.06.25"]
[SourceQuality "1"]

1. e4 g6 2. Nc3 Bg7 3. Nf3 c6 4. d4 d6 5. Be2 Nf6 6. Be3 0-0 7. 0-0 Qc7 8. Qd2 Ng4 9. Bf4 e5 10. Bg3 Nd7 11. h3 Ngf6 12. Rad1 b5 13. b4 a5 14. a3 axb4 15. axb4 Bb7 16. Qe3 Rfe8 17. Bd3 Ra3 18. Ne2 exd4 19. Nfxd4 Nxe4 20. f3 Nef6 21. Qd2 Nd5 22. Bf2 Ne5 23. Bxb5 cxb5 24. Nxb5 Nc4 25. Qg5 Qe7 26. Qxe7 Rxe7 27. Nxa3 Nxa3 28. Ng3 Nc4 29. Rfe1 Be5 30. Ne4 f5 31. Nd2 Rc7 32. Nxc4 Rxc4 33. b5 Nc3 34. Rd3 Kf8 35. g3 Nxb5 36. f4 Bd4 37. Bxd4 Rxd4 38. Rb3 Bc6 39. Rbe3 Be4 40. c3 Rd2 41. R3e2 Rxe2 42. Rxe2 Nxc3 43. Rd2 Ke7 44. Kf2 Bd5 45. Ke3 Be4 46. Kd4 Nd5 47. Rb2 Nf6 48. Ra2 Ke6 49. Ra3 Nh5 50. Rc3 h6 51. h4 Kd7 52. Re3 Ng7 53. Ra3 Ne6+ 54. Ke3 d5 55. Ra7+ Kd6 56. Ra6+ Ke7 57. Ra7+ Kf6 58. Rd7 d4+ 59. Rxd4 Nxd4 60. Kxd4 Bf3 61. Kc5 Ke6 62. Kc4 Bg4 63. Kc5 Bd1 64. Kd4 Kd6 65. Kc4 Bf3 66. Kd4 Bd5 67. Kc3 Kc5 68. Kd3 Be4+ 69. Kc3 Kd5 70. Kd2 0-1

[Event "Mazowiec-chT 1213"]
[Site "Poland"]
[Date "2013.02.24"]
[Round "10.5"]
[White "Starczewska, Malgorzata"]
[Black "Stezycka, Paulina"]
[Result "1/2-1/2"]
[WhiteElo "1835"]
[BlackElo "1534"]
[PlyCount "113"]
[EventDate "2013.01.13"]
[EventType "team-tourn"]
[EventRounds "10"]
[EventCountry "POL"]
[SourceTitle "EXT 2019"]
[Source "ChessBase"]
[SourceDate "2018.10.10"]
[SourceVersion "1"]
[SourceVersionDate "2018.10.10"]
[SourceQuality "1"]

1. e4 e5 2. Nf3 Nc6 3. Bb5 a6 4. Ba4 Nf6 5. Qe2 d6 6. c3 Bd7 7. 0-0 Be7 8. d4 0-0 9. Rd1 exd4 10. cxd4 d5 11. e5 Ne4 12. Nc3 Nxc3 13. bxc3 Na5 14. Bc2 Nc4 15. h3 Na3 16. Bb3 Bb5 17. Qe1 Bc4 18. Bxa3 Bxa3 19. Bxc4 dxc4 20. Qe4 b5 21. Rab1 Qe7 22. d5 Rfe8 23. Re1 Bc5 24. a4 Rab8 25. axb5 axb5 26. Nd4 Bxd4 27. Qxd4 Qd7 28. f4 Qf5 29. g4 Qc2 30. Rbc1 Qb2 31. Qe4 Ra8 32. Rc2 Qb3 33. Qe2 b4 34. Rec1 Qa3 35. cxb4 Qg3+ 36. Qg2 Qxf4 37. e6 fxe6 38. Rxc4 Qe3+ 39. Kh1 exd5 40. Qxd5+ Kh8 41. R4c3 Qf2 42. Rf3 Re1+ 43. Rxe1 Qxe1+ 44. Kg2 Re8 45. Rf2 Qxb4 46. Qc6 Qe7 47. Qc4 h6 48. Rf7 Qe2+ 49. Qxe2 Rxe2+ 50. Kf3 Rc2 51. h4 Rc4 52. g5 hxg5 53. hxg5 Kh7 54. Rd7 Kg6 55. Ke3 Kxg5 56. Rxg7+ Kf5 57. Kd3 1/2-1/2

[Event "Mazowiec-chT 1112"]
[Site "Poland"]
[Date "2012.02.26"]
[Round "9.29"]
[White "Starczewska, Malgorzata"]
[Black "Pazderska, Magdalena"]
[Result "1-0"]
[WhiteElo "1811"]
[BlackElo "1652"]
[PlyCount "41"]
[EventDate "2012.01.08"]
[EventType "team-tourn"]
[EventRounds "10"]
[EventCountry "POL"]
[SourceTitle "EXT 2019"]
[Source "ChessBase"]
[SourceDate "2018.10.10"]
[SourceVersion "1"]
[SourceVersionDate "2018.10.10"]
[SourceQuality "1"]

1. e4 c5 2. Ne2 Nc6 3. g3 b6 4. Bg2 Bb7 5. d3 e6 6. Be3 d5 7. exd5 exd5 8. d4 Nf6 9. Nbc3 Na5 10. 0-0 Nc4 11. Bc1 Be7 12. b3 Na5 13. Bb2 0-0 14. Nf4 cxd4 15. Nce2 Bc5 16. Nxd4 Ne4 17. Qg4 Nf6 18. Qg5 Ne4 19. Qxg7+ Kxg7 20. Nf5+ Kg8 21. Nh6# 1-0

[Event "Mazowiec-chT 1112"]
[Site "Poland"]
[Date "2012.01.29"]
[Round "4.24"]
[White "Starczewska, Malgorzata"]
[Black "Bartczak, Hanna"]
[Result "1-0"]
[WhiteElo "1811"]
[BlackElo "1645"]
[PlyCount "115"]
[EventDate "2012.01.08"]
[EventType "team-tourn"]
[EventRounds "10"]
[EventCountry "POL"]
[SourceTitle "EXT 2019"]
[Source "ChessBase"]
[SourceDate "2018.10.10"]
[SourceVersion "1"]
[SourceVersionDate "2018.10.10"]
[SourceQuality "1"]

1. e4 d6 2. f4 Nf6 3. Nc3 e5 4. Nf3 Nbd7 5. Bc4 Be7 6. d3 c6 7. 0-0 0-0 8. Bb3 Ng4 9. Qe2 Nc5 10. h3 Nxb3 11. axb3 Nf6 12. Qf2 exf4 13. Bxf4 a5 14. Be3 c5 15. e5 dxe5 16. Bxc5 Bxc5 17. Qxc5 Nd7 18. Qd5 Ra6 19. Ne4 Qb6+ 20. Kh1 Qc6 21. Nc3 Qxd5 22. Nxd5 f6 23. Nd2 b5 24. Ne4 Bb7 25. Ndc3 b4 26. Nd1 Bxe4 27. dxe4 Nc5 28. Nf2 Rd8 29. Rfd1 Rxd1+ 30. Rxd1 Kf7 31. Kg1 Ke7 32. Kf1 Rc6 33. Ke2 Ne6 34. Rd2 Nd4+ 35. Kd3 Ke6 36. Ng4 f5 37. Ne3 Rd6 38. Nc4 Rd7 39. exf5+ Nxf5+ 40. Ke4 Nd6+ 41. Rxd6+ Rxd6 42. Nxd6 Kxd6 43. c4 g6 44. g3 h6 45. h4 h5 46. c5+ Kxc5 47. Kxe5 Kb5 48. Kf6 a4 49. bxa4+ Kxa4 50. Kxg6 Kb3 51. Kxh5 Kxb2 52. g4 Kc2 53. g5 b3 54. g6 b2 55. g7 b1Q 56. g8Q Qd1+ 57. Kh6 Qe2 58. Qa2+ 1-0

[Event "Warsaw YMCA Winter-C 88th"]
[Site "Warsaw"]
[Date "2011.03.23"]
[Round "10"]
[White "Starczewska, Malgorzata"]
[Black "Wilczynski, Adam"]
[Result "1-0"]
[WhiteElo "1810"]
[BlackElo "1768"]
[PlyCount "123"]
[EventDate "2011.01.04"]
[EventType "tourn"]
[EventRounds "13"]
[EventCountry "POL"]
[SourceTitle "EXT 2019"]
[Source "ChessBase"]
[SourceDate "2018.10.10"]
[SourceVersion "1"]
[SourceVersionDate "2018.10.10"]
[SourceQuality "1"]

1. e4 c5 2. Ne2 d6 3. g3 g6 4. Bg2 Bg7 5. d3 Nc6 6. Nbc3 e5 7. 0-0 Nge7 8. Be3 0-0 9. Qd2 Nd4 10. Nd1 Bh3 11. c3 Bxg2 12. Kxg2 Ne6 13. f4 f5 14. Nf2 d5 15. fxe5 Bxe5 16. Nf4 Bxf4 17. Bxf4 Nxf4+ 18. Qxf4 fxe4 19. Qe5 Nf5 20. Ng4 h5 21. dxe4 dxe4 22. Qe6+ Kh7 23. Rad1 Qe8 24. Rd7+ Ng7 25. Qxe8 Raxe8 26. Nf6+ Rxf6 27. Rxf6 Kh6 28. Rxb7 Nf5 29. Kf2 e3+ 30. Ke2 Rd8 31. Rxf5 gxf5 32. Kxe3 Re8+ 33. Kf3 Rd8 34. Rxa7 Rd2 35. Ra6+ Kg7 36. Rb6 Rxh2 37. a4 h4 38. gxh4 Rxh4 39. a5 Ra4 40. Rb5 c4 41. Rxf5 Ra2 42. Rb5 Kf7 43. Ke4 Ke7 44. Kd5 Kd7 45. Kxc4 Kc6 46. Rb6+ Kc7 47. b4 Ra3 48. Rg6 Kb7 49. Kd4 Ka7 50. c4 Rf3 51. b5 Rf4+ 52. Kd5 Rf8 53. Rg7+ Ka8 54. Kc6 Rf6+ 55. Kc7 Rf8 56. Rd7 Rc8+ 57. Kb6 Rb8+ 58. Ka6 Rh8 59. b6 Kb8 60. c5 Kc8 61. Rg7 Kb8 62. c6 1-0

[Event "Warsaw YMCA Winter-C 88th"]
[Site "Warsaw"]
[Date "2011.03.22"]
[Round "12"]
[White "Starczewska, Malgorzata"]
[Black "Kokoszczynski, Jan"]
[Result "1-0"]
[WhiteElo "1810"]
[BlackElo "1546"]
[PlyCount "73"]
[EventDate "2011.01.04"]
[EventType "tourn"]
[EventRounds "13"]
[EventCountry "POL"]
[SourceTitle "EXT 2019"]
[Source "ChessBase"]
[SourceDate "2018.10.10"]
[SourceVersion "1"]
[SourceVersionDate "2018.10.10"]
[SourceQuality "1"]

1. f4 d5 2. Nf3 c5 3. d3 Nc6 4. g3 g6 5. Bg2 Bg7 6. 0-0 Bf5 7. h3 Qc8 8. g4 Bd7 9. e4 dxe4 10. dxe4 h5 11. f5 hxg4 12. hxg4 gxf5 13. exf5 Nd4 14. Nc3 Nxf3+ 15. Qxf3 Bc6 16. Qg3 Bxg2 17. Kxg2 Qc6+ 18. Qf3 Qxf3+ 19. Rxf3 0-0-0 20. Bg5 Bf6 21. Bxf6 Nxf6 22. Re1 Rd2+ 23. Kg3 Re8 24. Rfe3 Ng8 25. Ne4 Rd5 26. Rd3 Red8 27. Rxd5 Rxd5 28. Kf4 b6 29. g5 Kd8 30. Nc3 Rd4+ 31. Kf3 Rd7 32. Rd1 Rxd1 33. Nxd1 Kc7 34. Ne3 b5 35. Ke4 Kd6 36. Ng4 e6 37. f6 1-0

[Event "Warsaw YMCA Spring-A 78th"]
[Site "Warsaw"]
[Date "2010.05.21"]
[Round "7"]
[White "Starczewska, Malgorzata"]
[Black "Bartczak, Hanna"]
[Result "1-0"]
[WhiteElo "1819"]
[BlackElo "1651"]
[PlyCount "83"]
[EventDate "2010.04.06"]
[EventType "tourn"]
[EventRounds "13"]
[EventCountry "POL"]
[SourceTitle "EXT 2011"]
[Source "ChessBase"]
[SourceDate "2010.11.26"]
[SourceVersion "1"]
[SourceVersionDate "2010.11.26"]
[SourceQuality "1"]

1. f4 d6 2. e4 Nd7 3. Nf3 Ngf6 4. e5 dxe5 5. fxe5 Ng4 6. d4 c5 7. h3 Nh6 8. Bxh6 gxh6 9. Nc3 cxd4 10. Qxd4 e6 11. 0-0-0 Qb6 12. Qxb6 Nxb6 13. Nb5 Ke7 14. Nd6 Bg7 15. Be2 Nd7 16. Bb5 Rd8 17. Rhf1 Bxe5 18. Nxc8+ Raxc8 19. Bxd7 Bf4+ 20. Nd2 Bxd2+ 21. Rxd2 Rxd7 22. Rxd7+ Kxd7 23. Rxf7+ Kc6 24. Rxh7 Rg8 25. Rxh6 Rxg2 26. Rxe6+ Kd5 27. Re3 a5 28. b3 b5 29. Kb2 Rh2 30. Rg3 Kc5 31. Rg5+ Kb6 32. Rh5 b4 33. h4 Kc6 34. Rxa5 Rxh4 35. a3 bxa3+ 36. Kxa3 Rh1 37. Kb4 Kb6 38. Rb5+ Kc6 39. Rc5+ Kb6 40. Rg5 Kc6 41. c4 Kd6 42. Kb5 1-0

[Event "Warsaw YMCA Spring-A 78th"]
[Site "Warsaw"]
[Date "2010.05.04"]
[Round "5"]
[White "Starczewska, Malgorzata"]
[Black "Prazmowski, Bartosz"]
[Result "0-1"]
[WhiteElo "1819"]
[BlackElo "1862"]
[PlyCount "140"]
[EventDate "2010.04.06"]
[EventType "tourn"]
[EventRounds "13"]
[EventCountry "POL"]
[SourceTitle "EXT 2011"]
[Source "ChessBase"]
[SourceDate "2010.11.26"]
[SourceVersion "1"]
[SourceVersionDate "2010.11.26"]
[SourceQuality "1"]

1. f4 e5 2. fxe5 d6 3. d4 Nc6 4. Nf3 dxe5 5. dxe5 Qxd1+ 6. Kxd1 Bf5 7. Bf4 Nb4 8. Ne1 Nd5 9. Bd2 0-0-0 10. Nd3 c5 11. c4 Nb4 12. Bxb4 cxb4 13. Nd2 Be7 14. e4 Be6 15. Kc2 Nh6 16. Be2 Rd4 17. Nf2 f5 18. Nf3 Rd7 19. Rad1 Rhd8 20. Rxd7 Rxd7 21. Rd1 Rc7 22. b3 fxe4 23. Nd4 Bf7 24. Nxe4 Bg6 25. Bd3 Ng4 26. Nd6+ Bxd6 27. exd6 Ne3+ 28. Kd2 Nxd1 29. Bxg6 hxg6 30. dxc7 Nc3 31. Ne6 Nxa2 32. Nxg7 Kxc7 33. Ne6+ Kd6 34. Nf4 g5 35. Nd3 a5 36. Ke3 Nc3 37. Nf2 Ke6 38. Nd3 b6 39. g3 Kf5 40. h3 Nd1+ 41. Kd4 Nc3 42. g4+ Ke6 43. Nc1 Kd6 44. Ke3 Nd1+ 45. Ke2 Nc3+ 46. Ke3 a4 47. bxa4 Nxa4 48. Kd4 Nc5 49. Na2 Ne6+ 50. Ke4 Kc5 51. Kf5 Kxc4 52. Nxb4 Ng7+ 53. Kg6 Kxb4 54. Kxg7 Kc5 55. Kf6 b5 56. h4 gxh4 57. g5 h3 58. g6 h2 59. g7 h1Q 60. g8Q Qc6+ 61. Ke5 Kb4 62. Qa2 Qc3+ 63. Kf5 Qb3 64. Qa8 Qf7+ 65. Ke5 Kb3 66. Qd8 Qh5+ 67. Ke4 Qe2+ 68. Kf5 Qf3+ 69. Ke5 b4 70. Qd1+ Qxd1 0-1

[Event "Warsaw YMCA Spring-A 78th"]
[Site "Warsaw"]
[Date "2010.04.06"]
[Round "1"]
[White "Pazderska, Magdalena"]
[Black "Starczewska, Malgorzata"]
[Result "0-1"]
[WhiteElo "1742"]
[BlackElo "1819"]
[PlyCount "132"]
[EventDate "2010.04.06"]
[EventType "tourn"]
[EventRounds "13"]
[EventCountry "POL"]
[SourceTitle "EXT 2011"]
[Source "ChessBase"]
[SourceDate "2010.11.26"]
[SourceVersion "1"]
[SourceVersionDate "2010.11.26"]
[SourceQuality "1"]

1. c4 e5 2. Nc3 Nc6 3. g3 g6 4. Bg2 Bg7 5. e3 Nge7 6. Nge2 d6 7. d4 exd4 8. exd4 0-0 9. 0-0 Bf5 10. Bg5 h6 11. Be3 Qd7 12. Qd2 Kh7 13. Nf4 Rae8 14. Nfd5 Nxd5 15. Nxd5 Qd8 16. Rad1 Nb8 17. Qb4 c6 18. Nc3 Qd7 19. Bf4 Rd8 20. Rfe1 Bxd4 21. Rxd4 c5 22. Rxd6 cxb4 23. Rxd7 Nxd7 24. Nd5 Rfe8 25. Be3 a5 26. Rc1 Re6 27. Nc7 Rd6 28. Bxb7 Ne5 29. b3 R6d7 30. Bb6 Bh3 31. Bd5 a4 32. bxa4 Rd6 33. a5 Nd7 34. c5 Nxb6 35. cxd6 Nxd5 36. Nxd5 Rxd6 37. Nc7 Rd2 38. Ra1 Rc2 39. Na6 Rb2 40. Nc5 Rc2 41. Nb3 Be6 42. Kf1 Bc4+ 43. Ke1 Re2+ 44. Kd1 Rxf2 45. Nd2 Bd3 46. a3 Rxh2 47. Kc1 Rh1+ 48. Kb2 Rxa1 49. Kxa1 bxa3 50. Ka2 Kg7 51. Kxa3 Kf6 52. Kb4 Kf5 53. Nc4 Ke6 54. a6 Be4 55. Kc5 Kd7 56. Kb6 h5 57. a7 Ba8 58. Ne5+ Ke6 59. Nc6 Kd6 60. Nb8 g5 61. Na6 h4 62. Nc7 hxg3 63. Nxa8 g2 64. Nc7 g1Q+ 65. Kb7 Qxa7+ 66. Kxa7 Kxc7 0-1

[Event "Mazowiec-chT 0910"]
[Site "Mazowsze"]
[Date "2010.03.28"]
[Round "9.24"]
[White "Pazderska, Magdalena"]
[Black "Starczewska, Malgorzata"]
[Result "0-1"]
[WhiteElo "1742"]
[BlackElo "1879"]
[PlyCount "86"]
[EventDate "2009.11.29"]
[EventType "team-tourn"]
[EventRounds "11"]
[EventCountry "POL"]
[SourceTitle "EXT 2011"]
[Source "ChessBase"]
[SourceDate "2010.11.26"]
[SourceVersion "1"]
[SourceVersionDate "2010.11.26"]
[SourceQuality "1"]

1. c4 g6 2. Nc3 Bg7 3. d4 d6 4. g3 f5 5. h4 Nc6 6. d5 Ne5 7. h5 c6 8. Bg2 Qb6 9. dxc6 bxc6 10. Qb3 Rb8 11. Nf3 Bd7 12. Nxe5 Bxe5 13. Qc2 e6 14. Bf4 Bxf4 15. gxf4 gxh5 16. b3 Nf6 17. Bf3 Ng4 18. e3 Rg8 19. Ke2 Nf6 20. Bxh5+ Ke7 21. Rad1 Rg7 22. Bf3 Rbg8 23. Qd2 c5 24. Rh6 Rg6 25. Rxg6 Rxg6 26. e4 fxe4 27. Bxe4 Rg7 28. Bf3 Qc7 29. Rh1 Bc6 30. Bxc6 Qxc6 31. Rh6 Qg2 32. Qe3 Qg4+ 33. Kd2 Rg6 34. Nd5+ Nxd5 35. Rxg6 Nxe3 36. Rxg4 Nxg4 37. Ke2 Kf6 38. Kf3 Kf5 39. a3 Nf6 40. b4 cxb4 41. axb4 Nd7 42. Ke3 h5 43. Kf3 h4 0-1